| 000 | 00602nam a22001937a 4500 | ||
|---|---|---|---|
| 999 |
_c15328 _d15328 |
||
| 003 | AR-CdUCM | ||
| 008 | 190426b ||||| |||| 00| 0 spa d | ||
| 040 |
_aMUNICIPALIDAD PROVINCIAL DEL CUSCO _cBIBLIOTECA MUNICIPAL DEL CUSCO |
||
| 082 |
_aPI / 809.1 / _bL62 |
||
| 245 | _aLa liebre y la tortuga / | ||
| 260 |
_aPerú : _bNavarrete. |
||
| 300 |
_a10 páginas ; _bilustraciones, _c30 cm. |
||
| 650 |
_aLiteratura infantil _9588 |
||
| 650 |
_aAprendizaje _92143 |
||
| 650 |
_aDesarrollo _92021 |
||
| 710 |
_aCorporación Gráfica Navarrete. _933296 |
||
| 942 |
_2ddc _cLIBROS |
||
| 945 |
_aachl _d2019-04-26 |
||